Phương pháp khảo sát và nghiên cứu thực nghiệm công trình

Đã lưu trong:
Bibliografiske detaljer
Hovedforfatter: VÕ VĂN THẢO
Format: Bog
Sprog:Undetermined
Udgivet: Hà Nội KHKT 2001
Fag:
Tags: Tilføj Tag
Ingen Tags, Vær først til at tagge denne postø!
Thư viện lưu trữ: Trung tâm Học liệu Trường Đại học Cần Thơ
LEADER 00558nam a2200169Ia 4500
001 CTU_45493
008 210402s9999 xx 000 0 und d
082 |a 624.0299 
082 |b Th108/2001 
100 |a VÕ VĂN THẢO 
245 0 |a Phương pháp khảo sát và nghiên cứu thực nghiệm công trình 
245 0 |c VÕ VĂN THẢO 
260 |a Hà Nội 
260 |b KHKT 
260 |c 2001 
650 |a building - estimates,civil engineering,engineering - estimates 
980 |a Trung tâm Học liệu Trường Đại học Cần Thơ